00601nam a2200181 a 450000100100000000500170001000800410002702000150006804000250008308200140010810000270012224500430014926000500019230000210024259000270026395201120029099900170040200003793820201002031135.0130311s19uu dr 000 0 spa d a9562883205 aDO-SdBNPbspacBNPHU axxxbI43a1 aInfante, Alvaro96436410aAguilas que acechan /cAlvaro Infante. aSanto Domingo :bEdiciones Millalva,c[19-?]. a207 p. ;c20 cm. aInventariado, 2019/ YL 0010718PDaPDbPDcCTd2013-03-11iLF1l0oxxx I43ap37938-10r2020-06-25w2020-06-25yLFPDZNo se presta c37428d37428